Score 0/30 Timer 02:00
2 Plays Today
% Correct
Apples
92.2%
Buses
88.4%
Foxes
86%
Boss
85.6%
Children
85.3%
Diabetes
84.6%
Bus
84.4%
Heroes
83.3%
Aerobics
83.2%
Men
82.1%
Acoustics
82.1%
Kiss
82.1%
Cacti
81.4%
Physics
81.1%
Mice
80.2%
% Correct
Photos
80%
Holidays
79.7%
Caress
79.4%
News
79.2%
Nannies
78.9%
Lens
78.9%
Fungi
78.3%
Octopus
77.8%
Logistics
77.5%
Linguistics
77.1%
Pianos
76.1%
Teeth
75.4%
Syllabus
75.3%
Rabies
74.1%
Physiques
65.9%
Remove Ads.
Support Sporcle.
Get the best of Sporcle when you Go Orange. This ad-free experience offers more features, more stats, and more fun while also helping to support Sporcle. Thank you for becoming a member.

You're not logged in!

Compare scores with friends on all Sporcle quizzes.
OR
Log In

Show Comments

Extras

Top Quizzes Today


Score Distribution

Your Account Isn't Verified!

In order to create a playlist on Sporcle, you need to verify the email address you used during registration. Go to your Sporcle Settings to finish the process.

Report this User

Report this user for behavior that violates our Community Guidelines.

Details: